Príprava invertného cukru bakalárska práca

Gespeichert in:
Bibliographische Detailangaben
1. Verfasser: Cyprichová, Veronika
Format: Buch
Sprache:Slowakisch
Veröffentlicht: Bratislava STU FCHPT 2015
Online-Zugang:Im OPAC anzeigen
Tags: Tag hinzufügen
Keine Tags, Fügen Sie das erste Tag hinzu!

MARC

LEADER 00000nam a2200000 a 4500
005 20260127134408.0
008 151028 2015 000 0 slo d
035 |a vtls011099206 
039 9 |a 201510281143  |b mschk03  |y 201510281142  |z mschk03 
040 |a STUSCHK1  |b slo  |c STUSCHK1  |e AACR2 
100 1 |a Cyprichová, Veronika 
245 1 |a Príprava invertného cukru  |b bakalárska práca  |c Veronika Cyprichová 
260 |a Bratislava  |b STU FCHPT  |c 2015 
300 |a 45 s.  |b il.  |c 25 cm 
500 |a Študijný program a odbor: chemické inžinierstvo 
500 |a Školiace pracovisko: Odd. chemického a biochemického inžinierstva 
500 |a Evid. číslo: FCHPT-5431-61015 
910 |a SCHK95 
999 |c 11694  |d 11694